Julieta y su caja de colores : (Record no. 29711)

MARC details
000 -LEADER
fixed length control field 00668 a2200229 4500
001 - CONTROL NUMBER
control field sjds
003 - CONTROL NUMBER IDENTIFIER
control field sjds
005 - DATE AND TIME OF LATEST TRANSACTION
control field 20240604165536.0
008 - FIXED-LENGTH DATA ELEMENTS--GENERAL INFORMATION
fixed length control field 240604b |||||||| |||| 00| 0 spa d
020 ## - INTERNATIONAL STANDARD BOOK NUMBER
International Standard Book Number 9780395630693
020 ## - INTERNATIONAL STANDARD BOOK NUMBER
International Standard Book Number 039563069X
040 ## - CATALOGING SOURCE
Transcribing agency sjds
041 ## - LANGUAGE CODE
Language code of text/sound track or separate title spa
100 ## - MAIN ENTRY--PERSONAL NAME
Personal name Pellicer Lopez, Carlos
245 ## - TITLE STATEMENT
Title Julieta y su caja de colores :
Remainder of title un cuento /
Statement of responsibility, etc. Carlos Pellicer Lopez
260 ## - PUBLICATION, DISTRIBUTION, ETC. (IMPRINT)
Place of publication, distribution, etc. Boston :
Name of publisher, distributor, etc. Houghton Mifflin,
Date of publication, distribution, etc. 1993, c1984
300 ## - PHYSICAL DESCRIPTION
Extent 31 pages :
Other physical details color illustrations ;
Dimensions 28 cm
440 ## - SERIES STATEMENT/ADDED ENTRY--TITLE
Title Celebremos la literatura
500 ## - GENERAL NOTE
General note Cover title<br/>
500 ## - GENERAL NOTE
General note Reprint. Originally published: Mexico : Patria, 1984
942 ## - ADDED ENTRY ELEMENTS (KOHA)
Koha item type Libro/Book
Holdings
Withdrawn status Lost status Damaged status Not for loan Home library Current library Date acquired Inventory number Total Checkouts Full call number Barcode Date last seen Date checked out Price effective from Koha item type
        San Juan Del Sur -- Mobile San Juan Del Sur -- Mobile 30/04/2024 Inventory date: 10-2-25 4 JI 33005004 05/11/2024 03/10/2024 30/04/2024 Libro/Book

Powered by Koha